[Event "Kandidatklassen"]
[Site "Ringsted"]
[Date "1995.04.11"]
[Round "1"]
[White "Aagaard, Jacob"]
[Black "Johansen, Morten"]
[Result "0-1"]
[WhiteElo "2257"]
[BlackElo "2185"]
[PlyCount "48"]
[EventDate "1995.??.??"]
[EventType "swiss"]
[EventRounds "7"]
[EventCountry "DEN"]

1. e4 d5 2. exd5 Qxd5 3. Nc3 Qa5 4. d4 Nf6 5. Bc4 Nc6 6. Nge2 Bg4 7. f3 Bh5 8.
g4 Bg6 9. a3 O-O-O 10. Bf4 e5 11. b4 Qb6 12. dxe5 Rxd1+ 13. Rxd1 Nxb4 14. axb4
Bxb4 15. exf6 Bxc3+ 16. Nxc3 Qb4 17. Be5 Re8 18. O-O gxf6 19. Rd4 Qe7 20. Bf4
Qc5 21. Nb5 a6 22. Ra1 Rd8 23. Ra5 Rxd4 24. Nd6+ cxd6 0-1

[Event "Kandidatklassen"]
[Site "Ringsted"]
[Date "1995.04.11"]
[Round "1"]
[White "Andersen, Frank"]
[Black "Nielsen, Max"]
[Result "1-0"]
[WhiteElo "2193"]
[BlackElo "2143"]
[PlyCount "59"]
[EventDate "1995.??.??"]
[EventType "swiss"]
[EventRounds "7"]
[EventCountry "DEN"]

1. d4 Nf6 2. Nf3 g6 3. c4 Bg7 4. Nc3 O-O 5. e4 d6 6. Be2 e5 7. d5 Na6 8. Nd2 c6
9. g4 Ne8 10. Nf1 cxd5 11. cxd5 Nc5 12. b4 Nd7 13. Rb1 Qh4 14. Ne3 a5 15. a3
axb4 16. axb4 Nb6 17. Rb3 f5 18. gxf5 gxf5 19. exf5 Bxf5 20. Nxf5 Rxf5 21. O-O
e4 22. Bg4 Be5 23. h3 Rf8 24. Nxe4 Qd8 25. Ng5 Nc7 26. Be6+ Nxe6 27. Nxe6 Qe7
28. f4 Bg7 29. Rg3 Rf7 30. Bb2 1-0

[Event "Kandidatklassen"]
[Site "Ringsted"]
[Date "1995.04.11"]
[Round "1"]
[White "Andersen, Torben Bodskov"]
[Black "Matthiesen, Arne"]
[Result "1/2-1/2"]
[WhiteElo "2130"]
[BlackElo "2147"]
[PlyCount "33"]
[EventDate "1995.??.??"]
[EventType "swiss"]
[EventRounds "7"]
[EventCountry "DEN"]

1. e4 e6 2. d4 d5 3. Nd2 c5 4. exd5 Qxd5 5. Ngf3 cxd4 6. Bc4 Qd8 7. O-O a6 8.
a4 Qc7 9. Qe2 Nc6 10. Nb3 Bd6 11. Rd1 Nge7 12. Nbxd4 Nxd4 13. Rxd4 O-O 14. Bg5
Nf5 15. Rdd1 h6 16. Bd2 b6 17. Bd3 1/2-1/2

[Event "Kandidatklassen"]
[Site "Ringsted"]
[Date "1995.04.11"]
[Round "1"]
[White "Bank, Pelle Rodkjaer"]
[Black "Hansen, Kasper"]
[Result "0-1"]
[WhiteElo "2315"]
[BlackElo "2151"]
[PlyCount "58"]
[EventDate "1995.??.??"]
[EventType "swiss"]
[EventRounds "7"]
[EventCountry "DEN"]

1. e4 c5 2. c3 d6 3. d4 Nf6 4. f3 cxd4 5. cxd4 g6 6. Be3 Bg7 7. Nc3 O-O 8. Qd2
a6 9. Nge2 b5 10. g4 b4 11. Nd1 Nc6 12. Nf2 Qa5 13. b3 Be6 14. Rd1 Rfc8 15. h4
Na7 16. Nf4 Bd7 17. g5 Ne8 18. Nd5 Nc6 19. h5 e6 20. hxg6 exd5 21. gxf7+ Kxf7
22. Rxh7 Kg8 23. Rh5 Ne7 24. Bd3 Rc3 25. exd5 Qxd5 26. Ne4 Rxd3 27. Qxd3 Nf5
28. Bf2 Qe6 29. Kf1 Bb5 0-1

[Event "Kandidatklassen"]
[Site "Ringsted"]
[Date "1995.04.11"]
[Round "1"]
[White "Brinck Claussen, Bjorn"]
[Black "Molvig, Henrik"]
[Result "1/2-1/2"]
[WhiteElo "2362"]
[BlackElo "2244"]
[PlyCount "52"]
[EventDate "1995.??.??"]
[EventType "swiss"]
[EventRounds "7"]
[EventCountry "DEN"]

1. e4 c5 2. Nf3 d6 3. d4 cxd4 4. Nxd4 Nf6 5. Nc3 a6 6. Be2 e5 7. Nb3 Be7 8. O-O
O-O 9. Be3 Be6 10. Qd2 Nbd7 11. a4 b6 12. f3 Qc7 13. Nd5 Nxd5 14. exd5 Bf5 15.
c3 Qb7 16. Rfd1 Rfd8 17. Nc1 h6 18. b4 Bf6 19. Nb3 Bg6 20. Rac1 Be7 21. c4 a5
22. bxa5 Nc5 23. Qa2 Bg5 24. Bxg5 hxg5 25. Nxc5 bxc5 26. Bd3 Bxd3 1/2-1/2

[Event "Kandidatklassen"]
[Site "Ringsted"]
[Date "1995.04.11"]
[Round "1"]
[White "Christensen, Bent"]
[Black "Rewitz, Poul"]
[Result "0-1"]
[WhiteElo "2193"]
[BlackElo "2358"]
[PlyCount "64"]
[EventDate "1995.??.??"]
[EventType "swiss"]
[EventRounds "7"]
[EventCountry "DEN"]

1. d4 d5 2. c4 e5 3. dxe5 d4 4. Nf3 Nc6 5. g3 Bf5 6. Bg2 Nge7 7. O-O Qd7 8.
Nbd2 Ng6 9. a3 Be7 10. b4 Rd8 11. Bb2 O-O 12. Qb3 Bh3 13. b5 Ncxe5 14. Nxe5
Nxe5 15. Nf3 Nxf3+ 16. Qxf3 Bxg2 17. Kxg2 b6 18. Rfd1 Bc5 19. Rd3 Qe6 20. Rc1
f5 21. Rc2 Rd6 22. Bc1 Qe4 23. Kg1 Re6 24. Qf4 Rf7 25. f3 Qa8 26. Kf1 Qe8 27.
Bb2 Rfe7 28. Qd2 Qh5 29. Kg2 Rh6 30. h4 Rg6 31. Bxd4 Qxh4 32. Qe1 f4 0-1

[Event "Kandidatklassen"]
[Site "Ringsted"]
[Date "1995.04.11"]
[Round "1"]
[White "Greger, Roland Reinhard"]
[Black "Strange, Mikkel"]
[Result "1-0"]
[WhiteElo "2290"]
[BlackElo "2204"]
[PlyCount "107"]
[EventDate "1995.??.??"]
[EventType "swiss"]
[EventRounds "7"]
[EventCountry "DEN"]

1. e4 e5 2. Bc4 Nf6 3. d3 c6 4. Nf3 d5 5. Bb3 Bd6 6. Bg5 Be6 7. Nbd2 Nbd7 8.
Qe2 Qa5 9. c3 O-O 10. O-O Qc7 11. Rfe1 Rfe8 12. Nf1 a5 13. Bc2 b5 14. Ng3 c5
15. Bxf6 Nxf6 16. d4 dxe4 17. Nxe4 exd4 18. Nxf6+ gxf6 19. cxd4 cxd4 20. Rac1
Bf5 21. Qxe8+ Rxe8 22. Rxe8+ Bf8 23. Nxd4 Bxc2 24. Nxc2 Kg7 25. Ree1 Bd6 26. g3
Qd7 27. Rcd1 Qc6 28. Ne3 Bb4 29. Rd8 Qf3 30. Rf1 Bc5 31. Ng2 Qe2 32. Rd5 Ba7
33. b3 Qxa2 34. Rxb5 a4 35. Ra5 Bb6 36. Rxa4 Qxb3 37. Rg4+ Kf8 38. Nh4 Qc2 39.
Rf4 Ke8 40. Nf5 Kf8 41. Re1 h5 42. Kg2 Bc7 43. Rf3 Qc6 44. Rd1 Bb6 45. Rd6 Qb7
46. Rxf6 Bxf2 47. Nd6 Qd5 48. Kxf2 Qd2+ 49. Kg1 Ke7 50. Nxf7 h4 51. R6f4 h3 52.
Re4+ Kf8 53. Ng5+ Kg7 54. Nxh3 1-0

[Event "Kandidatklassen"]
[Site "Ringsted"]
[Date "1995.04.11"]
[Round "1"]
[White "Hartvig, Ove Weiss"]
[Black "Nielsen, Uffe V"]
[Result "1/2-1/2"]
[WhiteElo "2205"]
[BlackElo "2323"]
[PlyCount "98"]
[EventDate "1995.??.??"]
[EventType "swiss"]
[EventRounds "7"]
[EventCountry "DEN"]

1. Nf3 c5 2. g3 Nc6 3. Bg2 g6 4. O-O Bg7 5. d3 e5 6. c4 Nge7 7. Nc3 O-O 8. Rb1
d6 9. a3 a5 10. Ne1 Be6 11. Nd5 Rb8 12. Bd2 b5 13. Nxe7+ Nxe7 14. cxb5 Rxb5 15.
b4 Qb6 16. Nc2 a4 17. Ne3 Bb3 18. Rxb3 axb3 19. Qxb3 Rb8 20. a4 Rxb4 21. Bxb4
Qxb4 22. Qxb4 Rxb4 23. Ra1 e4 24. Ra2 f5 25. a5 Nc6 26. a6 Na7 27. h3 Kf7 28.
Nd5 Rb1+ 29. Kh2 exd3 30. exd3 Rb2 31. Rxb2 Bxb2 32. Nb6 Bd4 33. Kg1 Ke7 34.
Bb7 Kd8 35. Kf1 Kc7 36. Nd5+ Kb8 37. Ne7 Bf6 38. Nd5 Bd8 39. h4 Nb5 40. Nf4 Ka7
41. Bd5 Kxa6 42. Bg8 Nd4 43. Bxh7 g5 44. Ng2 gxh4 45. gxh4 Kb5 46. h5 d5 47.
Ne3 c4 48. dxc4+ dxc4 49. Nxf5 Nxf5 1/2-1/2

[Event "Kandidatklassen"]
[Site "Ringsted"]
[Date "1995.04.11"]
[Round "1"]
[White "Hvenekilde, Jorgen"]
[Black "Christensen, Lasse"]
[Result "1/2-1/2"]
[WhiteElo "2329"]
[BlackElo "2251"]
[PlyCount "84"]
[EventDate "1995.??.??"]
[EventType "swiss"]
[EventRounds "7"]
[EventCountry "DEN"]

1. e4 c5 2. Nf3 d6 3. d4 cxd4 4. Nxd4 Nf6 5. Nc3 g6 6. Be2 Bg7 7. Be3 Nc6 8.
O-O O-O 9. Qd2 Ng4 10. Bxg4 Bxg4 11. f3 Bd7 12. Rfd1 Ne5 13. b3 Re8 14. Nce2 b5
15. Rac1 Qb8 16. c3 a5 17. h3 a4 18. Bh6 Bh8 19. f4 Nc6 20. f5 axb3 21. axb3
Qb7 22. Qe3 Nxd4 23. Nxd4 Bc6 24. Re1 Ra2 25. h4 Bf6 26. fxg6 fxg6 27. h5 gxh5
28. Bg5 Bxg5 29. Qxg5+ Kh8 30. Nxc6 Rg8 31. Qxe7 Rgxg2+ 32. Kh1 Rh2+ 33. Kg1
Rhg2+ 34. Kh1 Rh2+ 35. Kg1 Rag2+ 36. Kf1 Rf2+ 37. Kg1 Rhg2+ 38. Kh1 Rh2+ 39.
Kg1 Rhg2+ 40. Kh1 Rh2+ 41. Kg1 Rfg2+ 42. Kf1 Rf2+ 1/2-1/2

[Event "Kandidatklassen"]
[Site "Ringsted"]
[Date "1995.04.11"]
[Round "1"]
[White "Jensen, Allan Astrup"]
[Black "Boe, Mads"]
[Result "0-1"]
[WhiteElo "2055"]
[BlackElo "2358"]
[PlyCount "118"]
[EventDate "1995.??.??"]
[EventType "swiss"]
[EventRounds "7"]
[EventCountry "DEN"]

1. e4 c6 2. d4 d5 3. e5 Bf5 4. h4 h6 5. g4 Bh7 6. e6 fxe6 7. Bd3 Bxd3 8. Qxd3
Qd6 9. Qg6+ Kd8 10. Nf3 Nd7 11. Qf7 Ngf6 12. g5 Ne4 13. Bf4 Qb4+ 14. Nbd2 Nxd2
15. Bxd2 Qxb2 16. O-O Qxc2 17. Qxe6 Qe4 18. Qh3 e6 19. Rab1 Kc7 20. Rfe1 Qf5
21. Qxf5 exf5 22. Bf4+ Bd6 23. Bxd6+ Kxd6 24. Rxb7 Rhb8 25. Reb1 Rxb7 26. Rxb7
hxg5 27. hxg5 c5 28. dxc5+ Kc6 29. Rb2 Kxc5 30. Rc2+ Kd6 31. Nd4 Ke5 32. Nb5 a6
33. Re2+ Kf4 34. Nc7 Rg8 35. Nxd5+ Kxg5 36. Re7 Nc5 37. Rc7 Ne4 38. f3 Ng3 39.
Kf2 Nh5 40. Ne7 Rb8 41. Rc2 Nf4 42. Kg3 Rh8 43. Rh2 Re8 44. Nc6 Rc8 45. Rc2 Nd3
46. Rc4 f4+ 47. Kg2 Nb2 48. Rb4 Rxc6 49. Rxb2 Kh4 50. Rd2 Rc3 51. Kf2 a5 52.
Kf1 g5 53. Ke2 g4 54. Rb2 a4 55. Kf2 Rc5 56. Ke1 Re5+ 57. Kd1 Kg3 58. Rd2 Re3
59. Rd5 Kh4 0-1

[Event "Kandidatklassen"]
[Site "Ringsted"]
[Date "1995.04.11"]
[Round "1"]
[White "Jorgensen, Michael"]
[Black "Hansen, Lars"]
[Result "1/2-1/2"]
[WhiteElo "2243"]
[BlackElo "2217"]
[PlyCount "83"]
[EventDate "1995.??.??"]
[EventType "swiss"]
[EventRounds "7"]
[EventCountry "DEN"]

1. d4 d5 2. c4 dxc4 3. Nf3 Nf6 4. e3 e6 5. Bxc4 c5 6. O-O a6 7. a4 Nc6 8. Nc3
Qc7 9. Qe2 Be7 10. Rd1 O-O 11. h3 b6 12. d5 exd5 13. Nxd5 Nxd5 14. Bxd5 Bb7 15.
e4 Bf6 16. Be3 Rfe8 17. Rac1 Nb4 18. a5 Nxd5 19. exd5 Rad8 20. axb6 Qxb6 21.
Qc4 Qxb2 22. d6 Bxf3 23. gxf3 Rxe3 24. fxe3 Qe5 25. Kg2 Rxd6 26. Rxd6 Qxd6 27.
Qxc5 Qd2+ 28. Kg3 g6 29. h4 h5 30. Rh1 Kg7 31. Rc1 Bxh4+ 32. Kh3 Qf2 33. Qd4+
Bf6 34. Qf4 g5 35. Qe4 h4 36. Kg4 Qg3+ 37. Kh5 h3 38. Qg4 Qxg4+ 39. Kxg4 h2 40.
Rh1 Be5 41. f4 gxf4 42. exf4 1/2-1/2

[Event "Kandidatklassen"]
[Site "Ringsted"]
[Date "1995.04.11"]
[Round "1"]
[White "Nielsen, Carsten"]
[Black "Jakobsen, Lars Veno"]
[Result "1/2-1/2"]
[WhiteElo "2181"]
[BlackElo "2232"]
[PlyCount "49"]
[EventDate "1995.??.??"]
[EventType "swiss"]
[EventRounds "7"]
[EventCountry "DEN"]

1. c4 c5 2. Nf3 Nf6 3. Nc3 e6 4. g3 b6 5. Bg2 Bb7 6. O-O a6 7. b3 Qc7 8. Bb2
Be7 9. e3 O-O 10. Rc1 d5 11. cxd5 Nxd5 12. d4 Nxc3 13. Bxc3 Nc6 14. dxc5 Bxc5
15. b4 Rfd8 16. Qe2 Bf8 17. Nd4 Nxd4 18. Bxd4 Qb8 19. Bxb7 Qxb7 20. Rc2 Rac8
21. Rfc1 Bxb4 22. Rxc8 Rxc8 23. Rxc8+ Qxc8 24. Qb2 Bf8 25. Qxb6 1/2-1/2

[Event "Kandidatklassen"]
[Site "Ringsted"]
[Date "1995.04.11"]
[Round "1"]
[White "Petersen, Steen"]
[Black "Christensen, Tobias"]
[Result "1/2-1/2"]
[WhiteElo "2016"]
[BlackElo "2363"]
[PlyCount "50"]
[EventDate "1995.??.??"]
[EventType "swiss"]
[EventRounds "7"]
[EventCountry "DEN"]

1. d4 d6 2. Nf3 g6 3. c4 Bg7 4. g3 e5 5. dxe5 dxe5 6. Qxd8+ Kxd8 7. Bg2 c6 8.
O-O Be6 9. Nbd2 h6 10. Rb1 f5 11. e4 g5 12. Rd1 Nd7 13. b3 Ne7 14. Ba3 f4 15.
Bf1 b6 16. Rbc1 c5 17. Nb1 Bg4 18. Be2 Nc6 19. Nc3 Bxf3 20. Bxf3 Nd4 21. Bg4
Nf6 22. Be6 Kc7 23. Bd5 Rad8 24. b4 cxb4 25. Bxb4 Nxd5 1/2-1/2

[Event "Kandidatklassen"]
[Site "Ringsted"]
[Date "1995.04.11"]
[Round "1"]
[White "Samaritani, Fabio"]
[Black "Hoiberg, Nina"]
[Result "0-1"]
[WhiteElo "2192"]
[BlackElo "2256"]
[PlyCount "64"]
[EventDate "1995.??.??"]
[EventType "swiss"]
[EventRounds "7"]
[EventCountry "DEN"]

1. e4 e5 2. Nf3 Nc6 3. Bb5 Nf6 4. O-O d6 5. d4 Bd7 6. Nc3 exd4 7. Nxd4 Be7 8.
Bxc6 bxc6 9. b3 O-O 10. Bb2 Re8 11. f3 Bf8 12. Qd2 g6 13. Rae1 Bg7 14. Nd1 c5
15. Ne2 a5 16. a4 c4 17. bxc4 Bxa4 18. Bc3 Qb8 19. Ne3 Bc6 20. Bxa5 Bxe4 21.
fxe4 Nxe4 22. Qd5 Nf6 23. Rxf6 Bxf6 24. Ng4 Bg7 25. Bd2 Qa7+ 26. c5 h5 27. Ne3
Re5 28. Qf3 Rae8 29. Rf1 R8e7 30. cxd6 cxd6 31. Kh1 Rxe3 32. Bxe3 Qxe3 0-1

[Event "Kandidatklassen"]
[Site "Ringsted"]
[Date "1995.04.12"]
[Round "2"]
[White "Andersen, Torben Bodskov"]
[Black "Andreasen, Per Naesby"]
[Result "0-1"]
[WhiteElo "2130"]
[BlackElo "2319"]
[PlyCount "54"]
[EventDate "1995.??.??"]
[EventType "swiss"]
[EventRounds "7"]
[EventCountry "DEN"]

1. e4 g6 2. d4 Bg7 3. Nf3 d6 4. c3 Nf6 5. Bd3 O-O 6. O-O Nc6 7. Re1 e5 8. h3 h6
9. Be3 Re8 10. Nbd2 Nh5 11. Qc2 Qf6 12. Bf1 g5 13. dxe5 dxe5 14. Nh2 Nf4 15.
Ng4 Qg6 16. f3 h5 17. Nf2 g4 18. hxg4 hxg4 19. fxg4 Bxg4 20. Bxf4 exf4 21. Nxg4
Qxg4 22. Nf3 Re6 23. Rad1 Rg6 24. Rd3 Ne5 25. Nxe5 Bxe5 26. Qf2 f3 27. Red1 Qf4
0-1

[Event "Kandidatklassen"]
[Site "Ringsted"]
[Date "1995.04.12"]
[Round "2"]
[White "Boe, Mads"]
[Black "Hoiberg, Nina"]
[Result "0-1"]
[WhiteElo "2358"]
[BlackElo "2256"]
[PlyCount "56"]
[EventDate "1995.??.??"]
[EventType "swiss"]
[EventRounds "7"]
[EventCountry "DEN"]

1. d4 d6 2. e4 g6 3. Nc3 Bg7 4. Be3 c6 5. a4 b6 6. f4 e5 7. Nf3 exf4 8. Bxf4
Nf6 9. Bd3 O-O 10. Qd2 Re8 11. O-O Ba6 12. Bxa6 Nxa6 13. Rae1 Nc7 14. e5 dxe5
15. Bxe5 Ne6 16. Rd1 Rc8 17. Qd3 Nd5 18. Nxd5 cxd5 19. Bxg7 Kxg7 20. Ne5 f6 21.
Ng4 f5 22. Ne5 Qd6 23. c3 Re7 24. Rxf5 Nxd4 25. cxd4 gxf5 26. Qg3+ Kf6 27. Re1
Qb4 28. Qh4+ Kg7 0-1

[Event "Kandidatklassen"]
[Site "Ringsted"]
[Date "1995.04.12"]
[Round "2"]
[White "Christensen, Tobias"]
[Black "Christensen, Lasse"]
[Result "1/2-1/2"]
[WhiteElo "2363"]
[BlackElo "2251"]
[PlyCount "39"]
[EventDate "1995.??.??"]
[EventType "swiss"]
[EventRounds "7"]
[EventCountry "DEN"]

1. d4 f5 2. g3 Nf6 3. Bg2 e6 4. Nh3 d5 5. O-O Be7 6. c3 O-O 7. Nd2 Nc6 8. Nf4
e5 9. dxe5 Nxe5 10. Nb3 c6 11. Nd4 Re8 12. Nd3 Nf7 13. Nf3 Ne4 14. Qc2 Bf6 15.
Be3 Nfd6 16. Bd4 Be6 17. Bxf6 Qxf6 18. Rad1 Bf7 19. Nd2 Rac8 20. Rde1 1/2-1/2

[Event "Kandidatklassen"]
[Site "Ringsted"]
[Date "1995.04.12"]
[Round "2"]
[White "Hansen, Kasper"]
[Black "Jacobsen, Bo"]
[Result "0-1"]
[WhiteElo "2151"]
[BlackElo "2302"]
[PlyCount "74"]
[EventDate "1995.??.??"]
[EventType "swiss"]
[EventRounds "7"]
[EventCountry "DEN"]

1. d4 Nf6 2. c4 c5 3. d5 e5 4. Nc3 d6 5. e4 Be7 6. Nf3 Nbd7 7. Be2 Nf8 8. O-O
h5 9. a3 h4 10. b4 b6 11. bxc5 bxc5 12. Rb1 Ng6 13. Kh1 Bd7 14. Bd2 O-O 15. Ne1
Qc7 16. Nd3 Rab8 17. Qc2 Rxb1 18. Rxb1 Rb8 19. Rb2 Bd8 20. Bf3 a6 21. Qb1 Rxb2
22. Qxb2 Qc8 23. Qb3 Ba5 24. Nb1 Bxd2 25. Nxd2 Bg4 26. Bxg4 Qxg4 27. f3 Qg5 28.
Nf1 Nh5 29. Qb2 f5 30. Qf2 Nf6 31. Qd2 Qh5 32. Nf2 fxe4 33. Nxe4 Nxe4 34. fxe4
h3 35. Ng3 Qh4 36. Nf5 Qxe4 37. Nxd6 Qb1+ 0-1

[Event "Kandidatklassen"]
[Site "Ringsted"]
[Date "1995.04.12"]
[Round "2"]
[White "Hansen, Lars"]
[Black "Nielsen, Uffe V"]
[Result "0-1"]
[WhiteElo "2217"]
[BlackElo "2323"]
[PlyCount "72"]
[EventDate "1995.??.??"]
[EventType "swiss"]
[EventRounds "7"]
[EventCountry "DEN"]

1. e4 c5 2. Nc3 Nc6 3. g3 g6 4. Bg2 Bg7 5. f4 d6 6. Nf3 e6 7. O-O Nge7 8. Ne2
O-O 9. c3 d5 10. e5 d4 11. d3 f6 12. exf6 Bxf6 13. Ng5 Bg7 14. Bh3 Nf5 15. g4
Nd6 16. Qb3 Qb6 17. Qxb6 axb6 18. Ne4 Nxe4 19. dxe4 Bd7 20. Bd2 Na5 21. b3 Bb5
22. c4 d3 23. Nc3 Bxc4 24. g5 Bd4+ 25. Kh1 Rfe8 26. Rad1 Ba6 27. e5 Bxc3 28.
Bxc3 Nc6 29. Rf3 b5 30. Rdxd3 b4 31. Be1 Bxd3 32. Rxd3 Rxa2 33. Kg1 Nd4 34. Bg2
Ne2+ 35. Kf1 Nxf4 36. Rd2 Rxd2 0-1

[Event "Kandidatklassen"]
[Site "Ringsted"]
[Date "1995.04.12"]
[Round "2"]
[White "Jakobsen, Lars Veno"]
[Black "Molvig, Henrik"]
[Result "1-0"]
[WhiteElo "2232"]
[BlackElo "2244"]
[PlyCount "108"]
[EventDate "1995.??.??"]
[EventType "swiss"]
[EventRounds "7"]
[EventCountry "DEN"]

1. d4 Nf6 2. c4 g6 3. Nc3 Bg7 4. e4 d6 5. Be2 O-O 6. Bg5 c5 7. d5 h6 8. Be3 e6
9. Qd2 exd5 10. cxd5 Re8 11. f3 Kh7 12. Bd3 Nbd7 13. Nge2 a6 14. a4 Ne5 15. O-O
Rb8 16. Rfb1 c4 17. Bc2 b5 18. axb5 axb5 19. Na2 h5 20. Nb4 Bd7 21. Nd4 Ra8 22.
h3 Qc7 23. Qe1 Rac8 24. Ra6 Nd3 25. Bxd3 cxd3 26. Ndc6 Ra8 27. Qd2 Bxc6 28.
Rxc6 Qa5 29. Nxd3 Qa2 30. Rbc1 Ra4 31. Re1 Rc4 32. Nc1 Qb1 33. Nd3 Qc2 34. Nc1
Qb1 35. b3 Rxc6 36. dxc6 Rc8 37. Nd3 Qxb3 38. Rc1 Ne8 39. Nb4 Qb2 40. Rc2 Qa1+
41. Kh2 Be5+ 42. f4 Bf6 43. Qd5 Kg7 44. Qxb5 Qe1 45. Re2 Qf1 46. Qd3 Kg8 47.
Rc2 Qb1 48. Rc4 Qe1 49. Qd2 Qf1 50. Qc1 Qe2 51. Nd5 Bd8 52. Qc2 Qe1 53. Qc3 Qe2
54. Bc1 Ba5 1-0

[Event "Kandidatklassen"]
[Site "Ringsted"]
[Date "1995.04.12"]
[Round "2"]
[White "Jensen, Allan Astrup"]
[Black "Samaritani, Fabio"]
[Result "0-1"]
[WhiteElo "2055"]
[BlackElo "2192"]
[PlyCount "100"]
[EventDate "1995.??.??"]
[EventType "swiss"]
[EventRounds "7"]
[EventCountry "DEN"]

1. e4 c5 2. Nf3 d6 3. d4 cxd4 4. Nxd4 Nf6 5. Nc3 a6 6. Bc4 e6 7. Bb3 Nbd7 8.
Be3 Nc5 9. f3 Be7 10. Qd2 O-O 11. O-O-O Qc7 12. g4 b5 13. h4 Rd8 14. Qh2 Bd7
15. g5 Nh5 16. Nf5 Nxb3+ 17. axb3 Bc6 18. Nxe7+ Qxe7 19. Ne2 a5 20. Nd4 Be8 21.
f4 g6 22. Rhe1 Qb7 23. Bd2 b4 24. f5 e5 25. Nf3 a4 26. bxa4 Rxa4 27. Be3 Qxe4
28. Nd2 Qxf5 29. b3 Ra1+ 30. Nb1 d5 31. Bb6 Rc8 32. Rxd5 Ra2 33. Rd2 Nf4 34.
Kd1 Bc6 35. Qf2 Be4 36. Bc5 Ra1 37. Kc1 Bxc2 38. Kb2 Rxb1+ 39. Rxb1 Nd3+ 40.
Rxd3 Bxd3 41. Qxf5 gxf5 42. Rc1 Kg7 43. Bd4 Rd8 44. Re1 f6 45. gxf6+ Kxf6 46.
Bc5 Rb8 47. Bd6 Rb5 48. Rc1 f4 49. Rc7 Ke6 50. Bf8 f3 0-1

[Event "Kandidatklassen"]
[Site "Ringsted"]
[Date "1995.04.12"]
[Round "2"]
[White "Johansen, Morten"]
[Black "Andersen, Frank"]
[Result "1/2-1/2"]
[WhiteElo "2185"]
[BlackElo "2193"]
[PlyCount "216"]
[EventDate "1995.??.??"]
[EventType "swiss"]
[EventRounds "7"]
[EventCountry "DEN"]

1. d4 Nf6 2. c4 g6 3. Nc3 Bg7 4. e4 O-O 5. f3 d6 6. Be3 e5 7. d5 Nh5 8. Qd2 f5
9. O-O-O Nd7 10. exf5 gxf5 11. Bd3 Ndf6 12. Nge2 Kh8 13. Bg5 Qe8 14. Rde1 c6
15. Nd4 Ng8 16. Rhg1 h6 17. Bh4 Nf4 18. g4 fxg4 19. fxg4 exd4 20. Rxe8 dxc3 21.
Qe3 Nxd3+ 22. Kb1 Rxe8 23. Qxd3 cxd5 24. cxd5 cxb2 25. Be1 Rxe1+ 26. Rxe1 Bxg4
27. Rg1 Rc8 28. h3 Bd7 29. Rxg7 Kxg7 30. Qg3+ Kf7 31. Qxd6 Bxh3 32. Qf4+ Nf6
33. Qxh6 Bf5+ 34. Kxb2 Nxd5 35. Qh5+ Ke6 36. Qh6+ Kd7 37. Qg7+ Kd6 38. Qxb7
Rc2+ 39. Kb3 Rc3+ 40. Kb2 Rc2+ 41. Kb3 Rc7 42. Qa6+ Nb6 43. Qe2 Be6+ 44. Kb2
Na4+ 45. Ka3 Nc3 46. Qd3+ Bd5 47. Qg3+ Kd7 48. Qh3+ Be6 49. Qd3+ Kc8 50. Qa6+
Kd7 51. Qd3+ Nd5 52. Qe2 Rb7 53. Qa6 Rc7 54. Qa4+ Kd8 55. Kb2 Nb6 56. Qh4+ Kc8
57. Qf6 Bd5 58. Qd4 Kb7 59. Qb4 a5 60. Qe1 Na4+ 61. Ka3 Nc3 62. Kb2 Na4+ 63.
Ka3 Nb6 64. Kb2 Ka6 65. Qe2+ Rc4 66. Qd3 Na4+ 67. Ka3 Nb6 68. Kb2 Bc6 69. Qf1
Bb5 70. Qf8 Rc8 71. Qd6 Rc6 72. Qd8 Rd6 73. Qf8 Rd2+ 74. Ka1 Bc4 75. a3 Kb5 76.
Qf5+ Rd5 77. Qf8 Ka4 78. Qe8+ Kxa3 79. Qe3+ Bb3 80. Qc1+ Kb4 81. Qe1+ Ka4 82.
Kb2 Rd3 83. Qe8+ Kb4 84. Qf8+ Kb5 85. Qf5+ Rd5 86. Qg6 Bc4 87. Qe8+ Ka6 88. Qf8
Bb5 89. Qh6 Rc5 90. Qd6 Rc6 91. Qd8 Rc8 92. Qf6 a4 93. Qd6 Rc6 94. Qd8 Rd6 95.
Qf8 Rd2+ 96. Ka3 Rd3+ 97. Ka2 Bc4+ 98. Kb2 Rb3+ 99. Ka1 a3 100. Qf2 Rc3 101.
Qf4 Rd3 102. Qf1 Rd7 103. Qf3 Rd3 104. Qf1 Re3 105. Qf2 Rh3 106. Qg2 Rh5 107.
Qf3 Ra5 108. Qc3 a2 1/2-1/2

[Event "Kandidatklassen"]
[Site "Ringsted"]
[Date "1995.04.12"]
[Round "2"]
[White "Jorgensen, Michael"]
[Black "Hartvig, Ove Weiss"]
[Result "0-1"]
[WhiteElo "2243"]
[BlackElo "2205"]
[PlyCount "86"]
[EventDate "1995.??.??"]
[EventType "swiss"]
[EventRounds "7"]
[EventCountry "DEN"]

1. d4 Nf6 2. c4 c5 3. d5 b5 4. cxb5 a6 5. bxa6 g6 6. Nc3 Bxa6 7. f4 Bg7 8. Nf3
d6 9. e4 Bxf1 10. Rxf1 Qb6 11. e5 dxe5 12. fxe5 Ng4 13. Qe2 Nd7 14. e6 fxe6 15.
Ng5 Nxh2 16. Rh1 Be5 17. Nxe6 Qb4 18. Kd1 Rb8 19. Ne4 Qa4+ 20. Qc2 Qxc2+ 21.
Kxc2 Rb4 22. Re1 Ng4 23. a4 h6 24. Ra3 Kf7 25. Rf3+ Ngf6 26. g4 Rxa4 27. Bf4
Rc4+ 28. Kd3 Rb4 29. g5 c4+ 30. Ke2 Rxb2+ 31. Kf1 hxg5 32. N4xg5+ Kg8 33. Kg1
Bxf4 34. Rxf4 Nf8 35. Nxf8 Kxf8 36. d6 Rhh2 37. Rxe7 Rhg2+ 38. Kf1 Rxg5 39.
Rxf6+ Kg8 40. d7 Rd5 41. Re8+ Kg7 42. d8=Q Rxd8 43. Rxd8 Kxf6 0-1

[Event "Kandidatklassen"]
[Site "Ringsted"]
[Date "1995.04.12"]
[Round "2"]
[White "Matthiesen, Arne"]
[Black "Pedersen, Jan"]
[Result "1/2-1/2"]
[WhiteElo "2147"]
[BlackElo "2310"]
[PlyCount "101"]
[EventDate "1995.??.??"]
[EventType "swiss"]
[EventRounds "7"]
[EventCountry "DEN"]

1. d4 c5 2. d5 e5 3. e4 d6 4. c4 Be7 5. Nf3 Bg4 6. Nc3 a6 7. g3 Nd7 8. h4 Rb8
9. Qd3 Nf8 10. Be2 h5 11. Nh2 Bxe2 12. Qxe2 Ng6 13. Nf1 Qd7 14. Ne3 Bd8 15. Nf5
Kf8 16. Nd1 N6e7 17. Nxe7 Nxe7 18. Ne3 Ba5+ 19. Bd2 Bxd2+ 20. Qxd2 f5 21. exf5
Nxf5 22. Nxf5 Qxf5 23. O-O Kf7 24. Qa5 Rbd8 25. b4 cxb4 26. Rab1 Rd7 27. Rxb4
Rc8 28. Qb6 g5 29. hxg5 Qxg5 30. Qa7 Rcc7 31. Rfb1 Qe7 32. Qe3 Qf6 33. Kg2 Kg6
34. Rh1 Rf7 35. Rb6 Rxc4 36. Rxd6 Qxd6 37. Qd3+ e4 38. Qxc4 Rf5 39. Rd1 Re5 40.
Qc8 Re7 41. Qg8+ Kf5 42. Rh1 Qg6 43. Qb8 Qf7 44. Rh4 Kg6 45. Qd6+ Qf6 46. Qxf6+
Kxf6 47. Rxh5 e3 48. fxe3 Rxe3 49. Rh6+ Kf5 50. Rb6 Re2+ 51. Kh3 1/2-1/2

[Event "Kandidatklassen"]
[Site "Ringsted"]
[Date "1995.04.12"]
[Round "2"]
[White "Nielsen, Carsten"]
[Black "Brinck Claussen, Bjorn"]
[Result "1-0"]
[WhiteElo "2181"]
[BlackElo "2362"]
[PlyCount "93"]
[EventDate "1995.??.??"]
[EventType "swiss"]
[EventRounds "7"]
[EventCountry "DEN"]

1. c4 Nf6 2. Nf3 c5 3. Nc3 d5 4. cxd5 Nxd5 5. d4 Nxc3 6. bxc3 g6 7. e3 Bg7 8.
Be2 O-O 9. O-O Nc6 10. Qc2 cxd4 11. cxd4 Bf5 12. Qb3 Be4 13. Ba3 Rc8 14. Rac1
Qd7 15. Rfd1 Rfd8 16. Ng5 Bd5 17. Qb1 Qf5 18. Qxf5 gxf5 19. Rd2 Bh6 20. Nh3 Na5
21. Rdc2 Rxc2 22. Rxc2 Nc6 23. f4 e6 24. Nf2 Bf8 25. Bxf8 Kxf8 26. Nd3 Ke7 27.
Bf3 f6 28. Kf2 Kd6 29. Nc5 Rb8 30. g4 fxg4 31. Bxg4 f5 32. Bf3 Bxf3 33. Kxf3
Ne7 34. e4 b6 35. e5+ Kd5 36. Na6 Rc8 37. Nc7+ Kxd4 38. Nxe6+ Kd3 39. Rxc8 Nxc8
40. Nf8 h6 41. Ng6 b5 42. e6 Kc3 43. e7 Nd6 44. Nh4 Ne8 45. Nxf5 b4 46. Ng3 a5
47. f5 1-0